• 首页
  • 本馆介绍
  • 公告通知
  • 最新文献
  • 馆藏检索
  • 电子资源
  • 读者导购
  • 参考咨询
  • 我的图书馆
  • 登录
  • 详细信息显示
  • 放入我的书架
  • 预约/预借图书
  • 作者相关作品
  • 分类相关作品
  • 丛书相关作品
  • 出版社相关作品

书目信息

  • 表格格式
  • 工作单格式
  • 卡片格式
题名:
小学语文名师文本教学解读及教学活动设计
    
 
作者: 吴忠豪 , 薛法根 总主编 ;刘中林 册主编
分册: 下册   四年级
出版信息: 上海   上海教育出版社有限公司  2020.3
页数: 287页
开本: 26cm
丛书名: 小学语文教师书林
单 册:
中图分类: G623.203
科图分类:
主题词: 小学语文课--教学参考资料
电子资源:
ISBN: 978-7-5444-9754-1
000 01386nam 2200313 45
001 012001002120
005 20210923082817.64
010    @a978-7-5444-9754-1@dCNY49.00
099    @aCAL 012020054441
100    @a20200616d2020 em y0chiy0110 ea
101 0  @achi
102    @aCN@b310000
105    @aa z 000yy
106    @ar
200 1  @a小学语文名师文本教学解读及教学活动设计@i四年级@h下册@f总主编吴忠豪, 薛法根@g刘中林册主编@Axiao xue yu wen ming shi wen ben jiao xue jie du ji jiao xue huo dong she ji
210    @a上海@c上海教育出版社有限公司@d2020.3
215    @a287页@c图@d26cm
225 2  @a小学语文教师书林@Axiao xue yu wen jiao shi shu lin
314    @a本册主编:刘中林
330    @a本书联合全国名师工作室联盟的150多位特级教师参与编写,由对小学语文教学有着深刻了解、能始终坚持将理论与实践进行深入的融合的特级教师编写队伍共同打造,保证对每一篇教材都有从文本解读到教学设计的优质内容。计划每册图书至少由8名特级教师组成,每人负责一个单元的编写和校对工作,以保证该书的实际课堂运用效果,会是一线教师亟需的重要教学参考。
410  0 @12001 @a小学语文教师书林
461  0 @12001 @a小学语文教师书林
606 0  @a小学语文课@j教学参考资料
690    @aG623.203@v5
701  0 @a吴忠豪@Awu zhong hao@4总主编
701  0 @a薛法根@Axue fa gen@4总主编
702  0 @a刘中林@Aliu zhong lin@4册主编
801    @aCN@bAHXH@c20210922
905    @b1253424-8@dG623.203@e1685:2@f5
    
    小学语文名师文本教学解读及教学活动设计.四年级.下册/总主编吴忠豪, 薛法根/刘中林册主编.-上海:上海教育出版社有限公司,2020.3
    287页:图;26cm.-(小学语文教师书林)
    
    
    ISBN 978-7-5444-9754-1:CNY49.00
    本书联合全国名师工作室联盟的150多位特级教师参与编写,由对小学语文教学有着深刻了解、能始终坚持将理论与实践进行深入的融合的特级教师编写队伍共同打造,保证对每一篇教材都有从文本解读到教学设计的优质内容。计划每册图书至少由8名特级教师组成,每人负责一个单元的编写和校对工作,以保证该书的实际课堂运用效果,会是一线教师亟需的重要教学参考。
●
相关链接 在E读中查询图书 在五车中查询图书 在当当中查询图书 在豆瓣中查询图书


正题名:小学语文名师文本教学解读及教学活动设计     索取号:G623.203/1685:2         预约/预借

序号 登录号 条形码 馆藏地/架位号 状态 备注
1 1253424   212534248   第一样本阅览室/ [索取号:G623.203/1685:2] 在馆    
2 1253425   212534257   教育系资料室/ [索取号:G623.203/1685:2] 在馆    
3 1253426   212534266   教育系资料室/ [索取号:G623.203/1685:2] 在馆    
4 1253427   212534275   第四借阅区/ [索取号:G623.203/1685:2] 在馆    
5 1253428   212534284   第四借阅区/ [索取号:G623.203/1685:2] 在馆    
唐山师范学院图书馆 欢迎您!
大连网信软件有限公司© 版权所有